[Event "BIH-chT 20th"]
[Site "Neum"]
[Date "2022.09.11"]
[Round "2.3"]
[White "Puric, Nenad"]
[Black "Stojanovic, Dalibor"]
[Result "0-1"]
[WhiteElo "2197"]
[BlackElo "2472"]
[PlyCount "90"]
[EventDate "2022.09.10"]
[EventType "team-tourn"]
[EventRounds "9"]
[EventCountry "BIH"]
[SourceTitle "CBM 210 Extra"]
[Source "ChessBase"]
[SourceDate "2022.11.30"]
[SourceVersion "1"]
[SourceVersionDate "2022.11.30"]
[SourceQuality "1"]
[WhiteTeam "Brcko Jedinstvo"]
[BlackTeam "Sarajevo SK"]
[WhiteTeamCountry "BIH"]
[BlackTeamCountry "BIH"]

1. e4 c5 2. Nf3 Nc6 3. d4 cxd4 4. Nxd4 Nf6 5. Nc3 d6 6. Bc4 Bd7 7. 0-0 g6 8. h3 Bg7 9. Be3 0-0 10. Qd2 a6 11. a3 Rc8 12. Ba2 Na5 13. Nde2 Nc4 14. Bxc4 Rxc4 15. f3 b5 16. Nd1 Qb8 17. c3 a5 18. b4 a4 19. Rc1 Rfc8 20. Rc2 R4c7 21. Nd4 e5 22. Ne2 Rc6 23. Bg5 Be6 24. Ne3 h6 25. Bxf6 Bxf6 26. Nd5 Bg5 27. f4 exf4 28. Nexf4 Qa7+ 29. Kh1 Rc4 30. Qd3 Bxf4 31. Nxf4 Qe7 32. Rff2 Kg7 33. Ne2 Bd7 34. Nd4 Qe5 35. Rc1 Be8 36. Re2 Qf6 37. Rec2 R8c7 38. Nf3 Bd7 39. Nd4 h5 40. Rf1 Qe5 41. Rcf2 Be6 42. Rc2 Bc8 43. Qe3 Bd7 44. Nf3 Qxe4 45. Qxe4 Rxe4 0-1

[Event "Srpska Republic-chT 1st League"]
[Site "Banja Dvorovi"]
[Date "2018.08.12"]
[Round "9.4"]
[White "Radovanovic, Milan"]
[Black "Puric, Nenad"]
[Result "0-1"]
[WhiteElo "2079"]
[BlackElo "2189"]
[PlyCount "66"]
[EventDate "2018.08.04"]
[EventType "team-tourn"]
[EventRounds "9"]
[EventCountry "BIH"]
[SourceTitle "CBM 186 Extra"]
[Source "ChessBase"]
[SourceDate "2018.08.24"]
[SourceVersion "1"]
[SourceVersionDate "2018.08.24"]
[SourceQuality "1"]
[WhiteTeam "Bileca Hercegovac"]
[BlackTeam "Brcko Jedinstvo"]
[WhiteTeamCountry "BIH"]
[BlackTeamCountry "BIH"]

1. c4 c5 2. Nc3 Nc6 3. g3 b6 4. Bg2 Bb7 5. d3 g6 6. e4 Bg7 7. Nge2 Nf6 8. Be3 0-0 9. h3 d6 10. Qd2 e5 11. f4 Nd4 12. 0-0 Nxe2+ 13. Nxe2 exf4 14. Nxf4 Nd7 15. Rf2 a6 16. Raf1 b5 17. b3 Qe7 18. Nd5 Bxd5 19. cxd5 Be5 20. Kh2 h5 21. Bf4 b4 22. g4 f6 23. Kh1 Bxf4 24. Qxf4 Qe5 25. Qh6 Qg5 26. Qxg5 fxg5 27. Kg1 Ne5 28. Rf6 Rad8 29. Re6 Rxf1+ 30. Bxf1 Kf7 31. Kg2 Nc6 32. e5 Nxe5 33. a4 Nc6 0-1

[Event "Srpska Republic-chT 1st League"]
[Site "Banja Dvorovi"]
[Date "2018.08.05"]
[Round "2.5"]
[White "Puric, Nenad"]
[Black "Markovic, Dusan"]
[Result "0-1"]
[WhiteElo "2189"]
[BlackElo "2083"]
[PlyCount "108"]
[EventDate "2018.08.04"]
[EventType "team-tourn"]
[EventRounds "9"]
[EventCountry "BIH"]
[SourceTitle "CBM 186 Extra"]
[Source "ChessBase"]
[SourceDate "2018.08.24"]
[SourceVersion "1"]
[SourceVersionDate "2018.08.24"]
[SourceQuality "1"]
[WhiteTeam "Brcko Jedinstvo"]
[BlackTeam "Teslic Mladost"]
[WhiteTeamCountry "BIH"]
[BlackTeamCountry "BIH"]

1. e4 d6 2. d4 Nf6 3. Nc3 c6 4. f4 Qa5 5. Qd2 e5 6. Nf3 Nbd7 7. a3 Be7 8. Bd3 0-0 9. Ne2 Qc7 10. 0-0 d5 11. fxe5 dxe4 12. exf6 Nxf6 13. Ng3 exd3 14. Qxd3 Rd8 15. Nf5 Bf8 16. Bg5 Rd5 17. Ne3 Rd8 18. Bxf6 gxf6 19. c3 Be6 20. Rf2 Qa5 21. Raf1 Qh5 22. Nd2 Qg6 23. Ne4 Bg7 24. Nxf6+ Bxf6 25. Qxg6+ hxg6 26. Rxf6 Kg7 27. R6f3 b5 28. Nc2 a5 29. Re1 Rab8 30. Re5 Rd5 31. Rxd5 Bxd5 32. Re3 f5 33. Kf2 Be4 34. Re2 Kf6 35. h3 Rh8 36. Ke1 g5 37. Kd2 Kg6 38. Ne1 Rh4 39. Nd3 Kf6 40. Nc5 Bd5 41. b3 g4 42. hxg4 Rxg4 43. Nd7+ Kg5 44. Ne5 Rxg2 45. c4 bxc4 46. Rxg2+ Bxg2 47. Nxc4 Bd5 48. Ne5 Kf4 49. b4 axb4 50. axb4 Ke4 51. Ke2 Kxd4 52. Ng6 Kc4 53. Ke3 Kxb4 54. Ne5 Be4 0-1

[Event "Srpska Republic-chT 1st League"]
[Site "Banja Dvorovi"]
[Date "2017.08.18"]
[Round "7.1"]
[White "Puric, Nenad"]
[Black "Marjanovic, Zlatko"]
[Result "0-1"]
[WhiteElo "2197"]
[BlackElo "1974"]
[PlyCount "74"]
[EventDate "2017.08.12"]
[EventType "team-tourn"]
[EventRounds "9"]
[EventCountry "BIH"]
[SourceTitle "EXT 2019"]
[Source "ChessBase"]
[SourceDate "2018.10.10"]
[SourceVersion "1"]
[SourceVersionDate "2018.10.10"]
[SourceQuality "1"]
[WhiteTeam "Brcko Jedinstvo"]
[BlackTeam "Petrovo Ozren"]
[WhiteTeamCountry "BIH"]
[BlackTeamCountry "BIH"]

1. e4 e6 2. d4 f5 3. Bd3 fxe4 4. Bxe4 Nf6 5. Bd3 c5 6. dxc5 Bxc5 7. Nf3 Nc6 8. 0-0 0-0 9. c3 a6 10. b4 Bb6 11. Qe2 h6 12. a3 d5 13. Be3 Bc7 14. Bd4 Ng4 15. Nbd2 e5 16. Bc5 Rxf3 17. gxf3 Nxh2 18. f4 e4 19. Qh5 Bxf4 20. Be3 Bg4 21. Qg6 Ne5 22. Bxf4 Nxg6 23. Bxh2 exd3 24. f3 Bh3 25. Rf2 Nh4 26. Bg3 Nf5 27. Be5 Qg5+ 28. Kh2 Qh4 29. Kg1 Ng3 30. Rh2 Re8 31. f4 Ne2+ 32. Kh1 Ng3+ 33. Kg1 Qg4 34. Kf2 Rxe5 35. fxe5 Qf4+ 36. Ke1 Bg4 37. Ra2 Qe3+ 0-1

[Event "BIH-chT Cup"]
[Site "Banja Vrucica"]
[Date "2013.08.18"]
[Round "9"]
[White "Elez, Sinisa"]
[Black "Puric, Nenad"]
[Result "1/2-1/2"]
[WhiteElo "2137"]
[BlackElo "2223"]
[PlyCount "123"]
[EventDate "2013.08.10"]
[EventType "team-tourn"]
[EventRounds "9"]
[EventCountry "BIH"]
[SourceTitle "CBM 155 Extra"]
[Source "ChessBase"]
[SourceDate "2013.08.26"]
[SourceVersion "1"]
[SourceVersionDate "2013.08.26"]
[SourceQuality "1"]

1. d4 d5 2. Nf3 Nf6 3. c4 e6 4. Nc3 c6 5. Bg5 Be7 6. e3 h6 7. Bh4 Nbd7 8. Bd3 Nb6 9. cxd5 Nfxd5 10. Bxe7 Qxe7 11. 0-0 Nd7 12. Rc1 0-0 13. e4 Nxc3 14. bxc3 e5 15. Re1 Re8 16. Qb3 b5 17. a4 a6 18. c4 bxa4 19. Qxa4 exd4 20. Qxc6 Ra7 21. c5 Nf8 22. Qa4 Rd8 23. h3 Ne6 24. c6 Nf4 25. Rcd1 Qf6 26. Qa5 Re8 27. Qc5 Rc7 28. Nxd4 Re5 29. Qb6 Nxh3+ 30. gxh3 Bxh3 31. Re3 Rg5+ 32. Rg3 Qe5 33. Ne2 h5 34. Qd4 Rxg3+ 35. fxg3 Qg5 36. Bxa6 Kh7 37. Qd2 Qc5+ 38. Nd4 Rxc6 39. Kh2 Rxa6 40. Kxh3 h4 41. Nf5 Rg6 42. Qf4 Qc8 43. Kg2 h3+ 44. Kxh3 Ra6 45. Kh2 Ra2+ 46. Rd2 Rxd2+ 47. Qxd2 Qc4 48. Qd4 Qe2+ 49. Kg1 Qe1+ 50. Kg2 Qe2+ 51. Qf2 Qxe4+ 52. Qf3 Qc2+ 53. Kh3 Qc1 54. Ne3 Kg8 55. Qe4 Qe1 56. Qa8+ Kh7 57. Qf3 Kg8 58. Ng4 Qe6 59. Kg2 Qa2+ 60. Nf2 Qe6 61. Nd3 Qa2+ 62. Nf2 1/2-1/2

[Event "BIH-chT Cup"]
[Site "Banja Vrucica"]
[Date "2013.08.16"]
[Round "7"]
[White "Kokanovic, Dragan"]
[Black "Puric, Nenad"]
[Result "0-1"]
[WhiteElo "2175"]
[BlackElo "2223"]
[PlyCount "74"]
[EventDate "2013.08.10"]
[EventType "team-tourn"]
[EventRounds "9"]
[EventCountry "BIH"]
[SourceTitle "CBM 155 Extra"]
[Source "ChessBase"]
[SourceDate "2013.08.26"]
[SourceVersion "1"]
[SourceVersionDate "2013.08.26"]
[SourceQuality "1"]

1. d4 d5 2. Bf4 c5 3. e3 Nc6 4. c3 Nf6 5. Bd3 Qb6 6. b3 Bg4 7. Nf3 e6 8. Nbd2 Nh5 9. Bg3 Be7 10. Qc2 Rc8 11. Qb2 Bxf3 12. Nxf3 cxd4 13. exd4 0-0 14. Qe2 g6 15. 0-0 Nxg3 16. hxg3 Rc7 17. b4 Rfc8 18. Rfc1 Nxb4 19. c4 Nxd3 20. Qxd3 dxc4 21. Qe4 Qc6 22. Qe3 Bf6 23. Rc2 b5 24. Rd1 b4 25. Nd2 c3 26. Nb3 Qd5 27. Rd3 a5 28. g4 Bg5 29. f4 Be7 30. Qh3 a4 31. Nc5 b3 32. axb3 axb3 33. Rcxc3 b2 34. Rb3 Bxc5 35. dxc5 Qxc5+ 36. Kh2 Qc2 37. Qh6 Qxd3 0-1

[Event "Srpska Republic-chT 1st League"]
[Site "Banja Vrucica"]
[Date "2012.08.15"]
[Round "5"]
[White "Solomunovic, Igor"]
[Black "Puric, Nenad"]
[Result "1-0"]
[WhiteElo "2411"]
[BlackElo "2223"]
[PlyCount "79"]
[EventDate "2012.08.11"]
[EventType "team-tourn"]
[EventRounds "7"]
[EventCountry "BIH"]
[SourceTitle "CBM 149 Extra"]
[Source "ChessBase"]
[SourceDate "2012.08.24"]
[SourceVersion "1"]
[SourceVersionDate "2012.08.24"]
[SourceQuality "1"]
[WhiteTeam "Zvornik Drina"]
[BlackTeam "Dubica"]
[WhiteTeamCountry "SRB"]
[BlackTeamCountry "SRB"]

1. e4 e5 2. Nf3 Nc6 3. Bb5 Nge7 4. c3 a6 5. Ba4 Ng6 6. d4 b5 7. Bb3 exd4 8. cxd4 Bb4+ 9. Nc3 0-0 10. 0-0 Bxc3 11. bxc3 Na5 12. Bc2 d6 13. Re1 Be6 14. Ng5 Bc4 15. f4 h6 16. Nh3 f5 17. exf5 Ne7 18. Qh5 Qe8 19. Qh4 Nac6 20. g4 Qf7 21. Bd2 Rae8 22. Nf2 b4 23. Qg3 bxc3 24. Qxc3 Bxa2 25. Rxa2 Qxa2 26. Bb3+ Qxb3 27. Qxb3+ Kh8 28. Bc3 Rb8 29. Qc4 Rb5 30. d5 Rxd5 31. f6 gxf6 32. Ne4 Kg7 33. g5 hxg5 34. fxg5 Ne5 35. gxf6+ Rxf6 36. Nxf6 Kxf6 37. Qxc7 N7g6 38. Qd8+ Kf5 39. Rf1+ Kg4 40. Qg8 1-0

[Event "Srpska Republic-chT 1st League"]
[Site "Banja Vrucica"]
[Date "2012.08.11"]
[Round "1"]
[White "Puric, Nenad"]
[Black "Grubisic, Ilija"]
[Result "1/2-1/2"]
[WhiteElo "2223"]
[BlackElo "2310"]
[PlyCount "107"]
[EventDate "2012.08.11"]
[EventType "team-tourn"]
[EventRounds "7"]
[EventCountry "BIH"]
[SourceTitle "CBM 149 Extra"]
[Source "ChessBase"]
[SourceDate "2012.08.24"]
[SourceVersion "1"]
[SourceVersionDate "2012.08.24"]
[SourceQuality "1"]
[WhiteTeam "Dubica"]
[BlackTeam "Sokolac"]
[WhiteTeamCountry "SRB"]
[BlackTeamCountry "SRB"]

1. e4 c5 2. Nc3 e6 3. f4 d5 4. Bb5+ Bd7 5. Bxd7+ Qxd7 6. Qf3 d4 7. Nce2 Nc6 8. a3 d3 9. Qxd3 Qxd3 10. cxd3 0-0-0 11. Nf3 Rxd3 12. Ne5 Nxe5 13. fxe5 c4 14. 0-0 Nh6 15. h3 g5 16. Rf3 Rxf3 17. gxf3 Bg7 18. b3 Bxe5 19. Rb1 cxb3 20. d4 Bc7 21. Rxb3 f6 22. Kf1 Nf7 23. Bb2 e5 24. Nc3 exd4 25. Nb5 Bb6 26. Nxd4 Ne5 27. Nf5 Bc5 28. Bxe5 fxe5 29. Rc3 b6 30. Nd6+ Kb8 31. Nf7 Re8 32. Nxg5 h6 33. Nf7 Re6 34. Ke2 Kc7 35. Rd3 b5 36. Rd5 Kb6 37. Nxe5 Bxa3 38. Nd3 b4 39. Ne5 Bc1 40. Kd1 Bf4 41. Nd3 Bd6 42. e5 Be7 43. Rd7 a5 44. f4 a4 45. Rd4 Kb5 46. Rd5+ Kc4 47. Rd7 a3 48. Nc1 b3 49. Rc7+ Bc5 50. Nxb3 Kxb3 51. Rxc5 Ra6 52. Rb5+ Kc4 53. Rb1 a2 54. Ra1 1/2-1/2

[Event "BIH-chT"]
[Site "Neum"]
[Date "2011.06.07"]
[Round "4.4"]
[White "Puric, Nenad"]
[Black "Dumpor, Atif"]
[Result "0-1"]
[WhiteElo "2238"]
[BlackElo "2383"]
[PlyCount "144"]
[EventDate "2011.06.04"]
[EventType "team-tourn"]
[EventRounds "9"]
[EventCountry "BIH"]
[SourceTitle "CBM 142 Extra"]
[Source "ChessBase"]
[SourceDate "2011.06.27"]
[SourceVersion "1"]
[SourceVersionDate "2011.06.27"]
[SourceQuality "1"]
[WhiteTeam "Obudovac"]
[BlackTeam "Sarajevo Slavija"]
[WhiteTeamCountry "BIH"]
[BlackTeamCountry "BIH"]

1. e4 e5 2. Nf3 Nc6 3. Bb5 a6 4. Ba4 Nf6 5. d3 d6 6. h3 Be7 7. 0-0 b5 8. Bb3 Na5 9. Bg5 h6 10. Bxf6 Bxf6 11. Nc3 c6 12. Ne2 0-0 13. Ng3 g6 14. Qd2 Kg7 15. c3 Nxb3 16. axb3 Be6 17. c4 Qb6 18. Rfc1 Rfd8 19. Nf1 bxc4 20. bxc4 d5 21. Qc2 Rdb8 22. Qa4 a5 23. Ne3 dxe4 24. dxe4 Qc5 25. Qc2 Qb4 26. Ra4 Qxb2 27. Qxb2 Rxb2 28. Rca1 Kf8 29. Rxa5 Rb1+ 30. Rxb1 Rxa5 31. Rb8+ Ke7 32. Rb7+ Kd8 33. Rb8+ Kc7 34. Rf8 Ra1+ 35. Kh2 Kd7 36. Ng4 Ke7 37. Rb8 Bxg4 38. hxg4 Rc1 39. Rb4 Ke6 40. Nd2 Rc2 41. Nb3 Be7 42. Ra4 Rb2 43. Na5 Kd6 44. Ra3 Rxf2 45. Rd3+ Kc7 46. Rb3 Bc5 47. Rb7+ Kd6 48. Rb1 Be3 49. Kg3 Ra2 50. Nb7+ Ke7 51. Rb3 Bd4 52. c5 Rc2 53. Na5 Rxc5 54. Rb7+ Ke6 55. Nb3 Rc3+ 56. Kh2 Bf2 57. Nd2 Bg3+ 58. Kh3 Bf4+ 59. Nf3 Rc1 60. g3 Rc3 61. Kg2 Rc2+ 62. Kh3 Be3 63. Rb8 Rf2 64. Ne1 Bd4 65. Re8+ Kd7 66. Rf8 c5 67. Nd3 Rf3 68. Ne1 Rf1 69. Nd3 c4 70. Nb4 c3 71. Rb8 Rb1 72. Rb5 Ke6 0-1

[Event "BIH-chT 8th"]
[Site "Banja Vrucica"]
[Date "2009.06.11"]
[Round "6"]
[White "Puric, Nenad"]
[Black "Nurkic, Sahbaz"]
[Result "0-1"]
[WhiteElo "2254"]
[BlackElo "2392"]
[PlyCount "96"]
[EventDate "2009.06.06"]
[EventType "team-tourn"]
[EventRounds "9"]
[EventCountry "BIH"]
[SourceTitle "EXT 2019"]
[Source "ChessBase"]
[SourceDate "2018.10.10"]
[SourceVersion "1"]
[SourceVersionDate "2018.10.10"]
[SourceQuality "1"]
[WhiteTeam "Bijeljina SK Panteri"]
[BlackTeam "Tuzla Sloboda"]
[WhiteTeamCountry "BIH"]
[BlackTeamCountry "BIH"]

1. e4 g6 2. d4 Bg7 3. c3 d6 4. Nf3 Nf6 5. Bd3 0-0 6. Bg5 Nc6 7. 0-0 e5 8. dxe5 dxe5 9. Qe2 h6 10. Bh4 Qe8 11. Na3 a6 12. b4 Nh5 13. Bc4 b5 14. Bb3 Be6 15. Bg3 Bxb3 16. axb3 Qe6 17. Qc2 Nxg3 18. hxg3 Rfb8 19. Nd2 Bf8 20. Qd3 Rd8 21. Qe2 Rac8 22. Nc2 Ne7 23. Ne3 c5 24. bxc5 Rxc5 25. c4 Nc6 26. Nd5 Nd4 27. Qd3 Bg7 28. Ra2 Kh7 29. Rfa1 Rd6 30. b4 bxc4 31. Nxc4 Rcxd5 32. exd5 Rxd5 33. Rxa6 e4 34. Qe3 Qe7 35. Rb1 Nf5 36. Qf4 Qd7 37. Nb6 Rd1+ 38. Kh2 Qd3 39. Rxd1 Qxd1 40. g4 Qe2 41. Ra3 Nh4 42. Re3 Qb5 43. Qxe4 Qxb6 44. g3 Qf6 45. Kg1 Qa1+ 46. Re1 Qxe1+ 47. Qxe1 Nf3+ 48. Kf1 Nxe1 0-1

[Event "BIH-chT 8th"]
[Site "Banja Vrucica"]
[Date "2009.06.09"]
[Round "4"]
[White "Puric, Nenad"]
[Black "Stojanovic, Dalibor"]
[Result "0-1"]
[WhiteElo "2254"]
[BlackElo "2464"]
[PlyCount "76"]
[EventDate "2009.06.06"]
[EventType "team-tourn"]
[EventRounds "9"]
[EventCountry "BIH"]
[SourceTitle "EXT 2019"]
[Source "ChessBase"]
[SourceDate "2018.10.10"]
[SourceVersion "1"]
[SourceVersionDate "2018.10.10"]
[SourceQuality "1"]
[WhiteTeam "Bijeljina SK Panteri"]
[BlackTeam "Sarajevo Bosna"]
[WhiteTeamCountry "BIH"]
[BlackTeamCountry "BIH"]

1. e4 c5 2. Nc3 a6 3. a4 e6 4. f4 d5 5. d3 Nf6 6. Bd2 Nc6 7. Nf3 Be7 8. g3 0-0 9. Bg2 d4 10. Ne2 c4 11. dxc4 d3 12. Nc1 dxc2 13. Qxc2 Nb4 14. Bxb4 Bxb4+ 15. Ke2 Qb6 16. Ne5 Nd7 17. Ncd3 Nxe5 18. Nxe5 Bc5 19. Rhd1 f6 20. Nd3 e5 21. Nxc5 Qxc5 22. f5 g6 23. g4 Qc7 24. c5 Bd7 25. Qb3+ Kh8 26. Qb6 Qc8 27. Rd6 Bc6 28. Kf2 Qe8 29. Qb4 a5 30. Qc4 Qe7 31. Qc1 Qg7 32. h3 h5 33. Bf3 gxf5 34. exf5 Bxf3 35. Kxf3 Rg8 36. Kf2 Rac8 37. Qe3 hxg4 38. hxg4 Qh7 0-1

[Event "BIH-chT 8th"]
[Site "Banja Vrucica"]
[Date "2009.06.08"]
[Round "3"]
[White "Terzic, Ilijas"]
[Black "Puric, Nenad"]
[Result "1/2-1/2"]
[WhiteElo "2270"]
[BlackElo "2254"]
[PlyCount "47"]
[EventDate "2009.06.06"]
[EventType "team-tourn"]
[EventRounds "9"]
[EventCountry "BIH"]
[SourceTitle "EXT 2019"]
[Source "ChessBase"]
[SourceDate "2018.10.10"]
[SourceVersion "1"]
[SourceVersionDate "2018.10.10"]
[SourceQuality "1"]
[WhiteTeam "Sarajevo Napredak"]
[BlackTeam "Bijeljina SK Panteri"]
[WhiteTeamCountry "BIH"]
[BlackTeamCountry "BIH"]

1. d4 d5 2. Nf3 c6 3. Bf4 Bf5 4. e3 e6 5. Bd3 Bd6 6. Bxf5 exf5 7. Bxd6 Qxd6 8. Qd3 g6 9. Qb3 b6 10. c4 Ne7 11. Nc3 dxc4 12. Qxc4 Nd7 13. 0-0 0-0 14. Rfd1 Rac8 15. Rac1 Nf6 16. b4 Nfd5 17. Nxd5 Nxd5 18. Rb1 Kg7 19. Ne5 f6 20. Nd3 Rfe8 21. g3 g5 22. Re1 Re6 23. b5 Ne7 24. Red1 1/2-1/2

[Event "BIH-chT 6th"]
[Site "Vogosca"]
[Date "2007.06.06"]
[Round "5"]
[White "Runic, Zoran"]
[Black "Puric, Nenad"]
[Result "1-0"]
[WhiteElo "2414"]
[BlackElo "2275"]
[PlyCount "113"]
[EventDate "2007.06.02"]
[EventType "team-tourn"]
[EventRounds "9"]
[EventCountry "BIH"]
[SourceTitle "EXT 2019"]
[Source "ChessBase"]
[SourceDate "2018.10.10"]
[SourceVersion "1"]
[SourceVersionDate "2018.10.10"]
[SourceQuality "1"]
[WhiteTeam "Bihac"]
[BlackTeam "Bijeljina SK Panteri"]
[WhiteTeamCountry "BIH"]
[BlackTeamCountry "BIH"]

1. e4 e5 2. Nf3 Nc6 3. Bb5 a6 4. Ba4 Nf6 5. Bxc6 dxc6 6. d3 Bg4 7. Nbd2 Bb4 8. h3 Bxd2+ 9. Bxd2 Bxf3 10. Qxf3 Qd6 11. Bc3 Nd7 12. Qg3 g6 13. 0-0 f6 14. f4 exf4 15. Rxf4 g5 16. Rf3 Qxg3 17. Rxg3 h6 18. Rf3 0-0 19. Rf5 Rae8 20. Raf1 Re6 21. h4 Kh7 22. hxg5 hxg5 23. e5 Kg6 24. exf6 Rf7 25. R1f2 c5 26. g4 Re3 27. Kg2 Re8 28. Bd2 Rxf6 29. Rxg5+ Kf7 30. Bc3 Rxf2+ 31. Kxf2 Ke6 32. Rg6+ Kf7 33. Rg7+ Ke6 34. Rg6+ Kf7 35. Rh6 Nf8 36. Rf6+ Kg8 37. g5 Re7 38. b4 c4 39. Rh6 cxd3 40. cxd3 Kf7 41. a4 Rd7 42. Ke3 Rd5 43. Bf6 Rf5 44. Ke4 Rf1 45. Be5 Re1+ 46. Kf5 Rf1+ 47. Bf4 Kg7 48. a5 Rf2 49. d4 Rf1 50. d5 Rf2 51. Rh2 Rf1 52. Rc2 c6 53. dxc6 bxc6 54. Rxc6 Rb1 55. g6 Rxb4 56. Be5+ Kg8 57. g7 1-0

[Event "BIH-chT 5th"]
[Site "Banja Vrucica"]
[Date "2006.06.23"]
[Round "6"]
[White "Puric, Nenad"]
[Black "Prelevic, Dusko"]
[Result "0-1"]
[WhiteElo "2294"]
[BlackElo "2326"]
[PlyCount "82"]
[EventDate "2006.06.18"]
[EventType "team-tourn"]
[EventRounds "9"]
[EventCountry "BIH"]
[SourceTitle "EXT 2019"]
[Source "ChessBase"]
[SourceDate "2018.10.10"]
[SourceVersion "1"]
[SourceVersionDate "2018.10.10"]
[SourceQuality "1"]
[WhiteTeam "Bijeljina SK Panteri"]
[BlackTeam "Sarajevo SK Slavija Istocno"]
[WhiteTeamCountry "BIH"]
[BlackTeamCountry "BIH"]

1. Nf3 c5 2. e4 e6 3. Nc3 a6 4. d4 cxd4 5. Nxd4 b5 6. Bd3 Qb6 7. Nf3 d6 8. Be3 Qc7 9. 0-0 Nd7 10. Ne2 Ngf6 11. h3 Bb7 12. Nd2 d5 13. exd5 Nxd5 14. Bg5 Nc5 15. Bh4 Bd6 16. Ne4 Nxe4 17. Bxe4 Ne3 18. fxe3 Bxe4 19. Qd4 f5 20. Qd2 0-0 21. Rad1 Bc5 22. Kh1 Qb6 23. Bf2 Qb7 24. Rg1 e5 25. Qc3 Qe7 26. Bg3 Rfe8 27. Bf2 f4 28. Qb3+ Kh8 29. Nc3 Bb7 30. Rde1 Rad8 31. a3 Rd2 32. Re2 fxe3 33. Be1 Rxe2 34. Nxe2 Qd7 35. Kh2 Rf8 36. Bg3 Qd2 37. Nc3 e2 38. Re1 Bf2 39. Qb4 Bxg3+ 40. Kxg3 Qxe1+ 41. Kh2 Rf1 0-1

[Event "BIH-chT 5th"]
[Site "Banja Vrucica"]
[Date "2006.06.18"]
[Round "1"]
[White "Puric, Nenad"]
[Black "Basagic, Zlatko"]
[Result "1/2-1/2"]
[WhiteElo "2294"]
[BlackElo "2372"]
[PlyCount "111"]
[EventDate "2006.06.18"]
[EventType "team-tourn"]
[EventRounds "9"]
[EventCountry "BIH"]
[SourceTitle "EXT 2019"]
[Source "ChessBase"]
[SourceDate "2018.10.10"]
[SourceVersion "1"]
[SourceVersionDate "2018.10.10"]
[SourceQuality "1"]
[WhiteTeam "Bijeljina SK Panteri"]
[BlackTeam "Sarajevo Zeljeznicar"]
[WhiteTeamCountry "BIH"]
[BlackTeamCountry "BIH"]

1. e4 c5 2. d3 d5 3. exd5 Nf6 4. Nc3 Nxd5 5. Nxd5 Qxd5 6. Nf3 Nc6 7. Be2 g6 8. 0-0 Bg7 9. Nd2 Nd4 10. Bf3 Nxf3+ 11. Qxf3 Qxf3 12. Nxf3 Bg4 13. Nd2 b6 14. Re1 Be6 15. a4 Kd7 16. Ne4 Bd5 17. Rb1 f5 18. Ng3 Rhe8 19. b3 e5 20. Bb2 Re7 21. Re2 Rae8 22. f3 a5 23. Rbe1 Kd6 24. Nf1 Bh6 25. Bc1 Bxc1 26. Rxc1 e4 27. dxe4 fxe4 28. f4 c4 29. Ne3 Kc5 30. Rd2 Bf7 31. bxc4 Bxc4 32. Rb1 Bf7 33. Rb5+ Kc6 34. g4 Rb8 35. Rd4 Kb7 36. Kf2 Rc8 37. Ke1 Rc5 38. Rb1 Be8 39. Kd2 Rd7 40. Rxd7+ Bxd7 41. Ra1 Be6 42. h3 Kc7 43. Ra3 Bd7 44. c4 Kd6 45. Kc3 Rc8 46. Kd4 Bc6 47. f5 gxf5 48. Nxf5+ Ke6 49. Ne3 Rd8+ 50. Nd5 Bxd5 51. cxd5+ Rxd5+ 52. Kxe4 b5 53. axb5 Rxb5 54. Kf4 h6 55. Kg3 Rd5 56. Kf4 1/2-1/2

[Event "BIH-chT"]
[Site "Neum"]
[Date "2004.05.30"]
[Round "2.6"]
[White "Puric, Nenad"]
[Black "Rade, Miroslav"]
[Result "0-1"]
[WhiteElo "2315"]
[BlackElo "2403"]
[PlyCount "84"]
[EventDate "2004.05.29"]
[EventType "team"]
[EventRounds "9"]
[EventCountry "BIH"]
[SourceTitle "CBM 102"]
[Source "ChessBase"]
[SourceDate "2004.09.23"]
[SourceVersion "1"]
[SourceVersionDate "2004.09.23"]
[SourceQuality "1"]
[WhiteTeam "Bijeljina"]
[BlackTeam "Siroki Brijeg"]
[WhiteTeamCountry "BIH"]
[BlackTeamCountry "BIH"]

1. e4 e5 2. Nf3 Nc6 3. Nc3 Nf6 4. Bc4 Be7 5. d3 d6 6. h3 Na5 7. 0-0 0-0 8. Qe2 c6 9. Bb3 Re8 10. Bd2 Nxb3 11. axb3 Bf8 12. Bg5 h6 13. Bxf6 Qxf6 14. Qe3 a6 15. Nh2 Qf4 16. Ne2 Qxe3 17. fxe3 Be6 18. Nf3 Be7 19. Rad1 Bd8 20. Ng3 Bb6 21. Rfe1 f6 22. Re2 d5 23. Kf2 Rad8 24. exd5 cxd5 25. d4 Rf8 26. c3 e4 27. Nd2 f5 28. Ree1 g5 29. Kg1 f4 30. Nh1 Rf6 31. Nf1 Kg7 32. Nh2 h5 33. h4 gxh4 34. exf4 Rxf4 35. Nf2 Bg4 36. Rd2 Kg6 37. Nf1 Kg5 38. Ne3 Be6 39. Kh2 Bc7 40. Nh3+ Bxh3 41. Kxh3 Rg4 42. Nf1 Rf8 0-1

[Event "MNT op 5th"]
[Site "Sozina"]
[Date "2004.02.26"]
[Round "9"]
[White "Puric, Nenad"]
[Black "Vulevic, Vjekoslav"]
[Result "1-0"]
[WhiteElo "2321"]
[BlackElo "2275"]
[PlyCount "45"]
[EventDate "2004.02.18"]
[EventType "swiss"]
[EventRounds "9"]
[EventCountry "MNE"]
[SourceTitle "CBM 098 Extra"]
[Source "ChessBase"]
[SourceDate "2004.03.10"]
[SourceVersion "2"]
[SourceVersionDate "2004.03.10"]
[SourceQuality "1"]

1. e4 d6 2. Nc3 e5 3. d3 g6 4. f4 exf4 5. Bxf4 Bg7 6. Nf3 Nc6 7. Be2 Nf6 8. 0-0 0-0 9. Qd2 Ne5 10. Bg5 Ned7 11. h3 c6 12. Rf2 b5 13. Raf1 Qb6 14. Be3 Qc7 15. Nh2 b4 16. Nd1 d5 17. Bf4 Qb6 18. e5 Ne8 19. d4 c5 20. Be3 cxd4 21. Bxd4 Bh6 22. Qxh6 Qxd4 23. Nf3 1-0

[Event "MNT op 5th"]
[Site "Sozina"]
[Date "2004.02.24"]
[Round "7"]
[White "Puric, Nenad"]
[Black "Dodic, Dragan"]
[Result "0-1"]
[WhiteElo "2321"]
[BlackElo "2179"]
[PlyCount "133"]
[EventDate "2004.02.18"]
[EventType "swiss"]
[EventRounds "9"]
[EventCountry "MNE"]
[SourceTitle "CBM 098 Extra"]
[Source "ChessBase"]
[SourceDate "2004.03.10"]
[SourceVersion "2"]
[SourceVersionDate "2004.03.10"]
[SourceQuality "1"]

1. e4 c5 2. Nc3 Nc6 3. f4 g6 4. Nf3 Bg7 5. Be2 e6 6. d3 d5 7. e5 Nge7 8. 0-0 a6 9. Qe1 b5 10. Qf2 Qb6 11. a3 Rb8 12. Kh1 h5 13. Nd1 Nf5 14. Ne3 Nxe3 15. Bxe3 d4 16. Bd2 a5 17. Ng5 Ne7 18. Bf3 Nf5 19. Be4 h4 20. Qf3 Bd7 21. Rfe1 Bf8 22. c3 Be7 23. Nh3 Rc8 24. Rac1 Bc6 25. Qf2 Qb7 26. Re2 dxc3 27. Rxc3 Bd5 28. Rc1 Nd4 29. Ree1 Nb3 30. Rcd1 a4 31. Bxd5 Qxd5 32. Be3 Kf8 33. Rf1 Kg7 34. Qe2 b4 35. Qg4 Nd4 36. Bc1 Nf5 37. Qe2 b3 38. Bd2 c4 39. Bc3 cxd3 40. Rxd3 Qc4 41. Rfd1 Rhd8 42. Qf3 Rxd3 43. Rxd3 Rd8 44. Rxd8 Bxd8 45. g4 hxg3 46. hxg3 Qe4 47. Kg2 Ne3+ 48. Kf2 Qxf3+ 49. Kxf3 Nd5 50. Bd4 Bb6 51. Ke4 Ba5 52. Ng1 g5 53. f5 g4 54. Ne2 Kh6 55. f6 Kg6 56. Be3 Nc3+ 57. Nxc3 Bxc3 58. Bd4 Bxd4 59. Kxd4 Kf5 60. Kc4 Kxe5 61. Kb4 Kd5 62. Kxa4 Kc4 63. Ka5 e5 64. Kb6 e4 65. Kc6 e3 66. Kd6 e2 67. Ke7 0-1